Annali della Facoltà di Giurisprudenza di Taranto (Registro nro. 162189)
[ vista simple ]
| 000 -LEADER | |
|---|---|
| fixed length control field | 00956nam a22002417a 4500 |
| 007 - PHYSICAL DESCRIPTION FIXED FIELD--GENERAL INFORMATION | |
| fixed length control field | cr|||| |||| |
| 008 - FIXED-LENGTH DATA ELEMENTS--GENERAL INFORMATION | |
| fixed length control field | 130301e2009 it |||||s|||| 00||0 ita d |
| 020 ## - INTERNATIONAL STANDARD BOOK NUMBER | |
| International Standard Book Number | 978-88-8422-892-5 |
| 035 ## - | |
| -- | 7133 |
| 040 ## - CATALOGING SOURCE | |
| Original cataloging agency | vLex |
| 090 ## - | |
| -- | 3807 |
| -- | 3807 |
| 245 00 - TITLE STATEMENT | |
| Title | Annali della Facoltà di Giurisprudenza di Taranto |
| Remainder of title | Anno II |
| Medium | [Recurso electrónico] |
| 256 ## - | |
| -- | Servicio en línea |
| 260 ## - PUBLICATION, DISTRIBUTION, ETC. (IMPRINT) | |
| Place of publication, distribution, etc | Bari : |
| Name of publisher, distributor, etc | Cacucci Editore, |
| Date of publication, distribution, etc | 2009 |
| 300 ## - PHYSICAL DESCRIPTION | |
| Extent | 1 Recurso electrónico |
| 506 ## - RESTRICTIONS ON ACCESS NOTE | |
| Authorized users | vLex Global |
| -- | vLex Global (Academic Edition, excluding Law Schools) |
| -- | vLex Global (U.S. Academic Edition, Law Schools) |
| -- | vLex Global (U.S. Academic Edition, excluding Law Schools) |
| -- | vLex Global (Academic Edition, Law Schools) |
| 650 04 - SUBJECT ADDED ENTRY--TOPICAL TERM | |
| Topical term or geographic name as entry element | Jurisprudence |
| Form subdivision | Revistas |
| Geographic subdivision | Italia |
| 650 04 - SUBJECT ADDED ENTRY--TOPICAL TERM | |
| Topical term or geographic name as entry element | Derecho |
| Form subdivision | Revistas |
| Geographic subdivision | Italia |
| 740 ## - | |
| -- | vLex Libros (Servicio en línea) |
| 856 ## - LOCALIZACIÓN Y ACCESO ELECTRÓNICO | |
| Host name | Acceso restringido |
| Identificador Uniforme del Recurso (URI/URL) | http://www.vlex.com/source/7133 |
| 942 ## - | |
| -- | RAA |
| 999 ## - | |
| -- | 162189 |
| -- | 162189 |
No hay ítems disponibles.